00403 2200169 4500001002100000005001500021035002000036007000300056008004100059020001800100082000800118084001800126100002400144245001500168260003400183990001600217INLIS00000000000266820260409112415 a0010-0426000126ta260409 0  a9786233054713 a813 a813 SHA f c.10 aSHAHD AWADALLAH,dkk1 aFajar Duka ayogyakarta :bBASABASI,c2024 a2026/h/0726